IAS mains civil services (mains) examinations general studies: (Record no. 11679)
[ view plain ]
| 000 -LEADER | |
|---|---|
| fixed length control field | 00677nam a22002177a 4500 |
| 005 - DATE AND TIME OF LATEST TRANSACTION | |
| control field | 20230929144729.0 |
| 008 - FIXED-LENGTH DATA ELEMENTS--GENERAL INFORMATION | |
| fixed length control field | 230929b ||||| |||| 00| 0 eng d |
| 020 ## - INTERNATIONAL STANDARD BOOK NUMBER | |
| International Standard Book Number | 9789327195316 |
| 040 ## - CATALOGING SOURCE | |
| Original cataloging agency | IN-DiNC |
| Transcribing agency | IN-DiNC |
| 041 ## - LANGUAGE CODE | |
| Language code of sung or spoken text | English |
| 082 ## - DEWEY DECIMAL CLASSIFICATION NUMBER | |
| Classification number | 030 |
| Item number | MIT |
| 100 ## - MAIN ENTRY--PERSONAL NAME | |
| Personal name | Mittal, Siddharth |
| Relator term | Author |
| 245 ## - TITLE STATEMENT | |
| Title | IAS mains civil services (mains) examinations general studies: |
| Remainder of title | chapterwise solved papers 2022-2000/ |
| Statement of responsibility, etc. | by Siddharth Mittal |
| 260 ## - PUBLICATION, DISTRIBUTION, ETC. | |
| Place of publication, distribution, etc. | Meerut: |
| Name of publisher, distributor, etc. | Arihant, |
| 300 ## - PHYSICAL DESCRIPTION | |
| Extent | 584p. |
| 650 ## - SUBJECT ADDED ENTRY--TOPICAL TERM | |
| Topical term or geographic name entry element | General studies |
| 650 ## - SUBJECT ADDED ENTRY--TOPICAL TERM | |
| Topical term or geographic name entry element | Indian heritage and culture, history and geography |
| 650 ## - SUBJECT ADDED ENTRY--TOPICAL TERM | |
| Topical term or geographic name entry element | Indian constitution |
| 650 ## - SUBJECT ADDED ENTRY--TOPICAL TERM | |
| Topical term or geographic name entry element | Economic development |
| 942 ## - ADDED ENTRY ELEMENTS (KOHA) | |
| Source of classification or shelving scheme | Dewey Decimal Classification |
| Koha item type | Books |
| Withdrawn status | Lost status | Source of classification or shelving scheme | Damaged status | Not for loan | Collection code | Home library | Current library | Shelving location | Date acquired | Cost, normal purchase price | Total Checkouts | Full call number | Barcode | Date last seen | Date last checked out | Copy number | Price effective from | Koha item type |
|---|---|---|---|---|---|---|---|---|---|---|---|---|---|---|---|---|---|---|
| Dewey Decimal Classification | General Collection | Central Library, Naharkatiya College | Central Library, Naharkatiya College | General Stacks | 29/09/2023 | 625.00 | 2 | 030 MIT | 29486 | 19/09/2025 | 11/09/2025 | 1 | 29/09/2023 | Books |
